|
|
|
|
| LEADER |
00000cam a2200000 7i4500 |
| 001 |
0000002930 |
| 002 |
000003171 |
| 005 |
20080513.0 |
| 020 |
|
|
|a 0078819644
|
| 090 |
0 |
0 |
|a 650.02855369
|b COB
|
| 100 |
0 |
|
|a Cobb, Stephen
|
| 245 |
1 |
4 |
|a The Quattro pro for windows book
|c Stephen Cobb, Bryan Pfaffenberger and Yvonne Johnson
|
| 260 |
|
|
|a New York :
|b McGraw-Hill ,
|c 1994
|
| 300 |
|
|
|a 668p. ;
|c 23cm.
|
| 490 |
0 |
|
|a Covers version 5
|
| 650 |
0 |
0 |
|a Quattro Pro (Windows application)
|
| 650 |
0 |
0 |
|a Spreadsheet
|
| 700 |
1 |
|
|a Pfaffenberger, Bryan
|
| 999 |
|
|
|a 036547
|b BUKU
|c PINJAMAN
|e PERPUSTAKAAN KOMUNITI PETALING JAYA
|